Los orígenes de la civilización /
Obra que contiene una síntesis general de la historia antigua de la humanidad, donde el autor aborda tanto la perspectiva del devenir biológico como el desarrollo cultural, destacando más este segundo aspecto, en el que identifica los grandes cambios gestados en dicho desarrollo.
Na minha lista:
| Autor principal: | |
|---|---|
| Outros Autores: | |
| Formato: | Livro |
| Idioma: | espanhol |
| Publicado em: |
México :
Fondo de Cultura Económica,
1981, c1981
|
| Edição: | 13a edición |
| Colecção: | (Breviarios ;
92) |
| Assuntos: | |
| Tags: |
Sem tags, seja o primeiro a adicionar uma tag!
|
MARC
| LEADER | 00000nam^a2200000^a^4500 | ||
|---|---|---|---|
| 001 | 000000593 | ||
| 005 | 20250521000000.0 | ||
| 009 | 20260310083032.443 | ||
| 020 | |a 968-16-0178-5 | ||
| 037 | |a Acervo ITESO - Biblioteca | ||
| 041 | |a ESP | ||
| 082 | |a 082. |b BRE V. 92 | ||
| 100 | |a Childe, V. Gordon |e (autor) | ||
| 245 | 1 | 4 | |a Los orígenes de la civilización / |c V.G. Childe ; tr. por E. de Gortari. |
| 250 | |a 13a edición | ||
| 264 | 4 | |a México : |b Fondo de Cultura Económica, |c 1981, c1981 | |
| 300 | |a 291 p. | ||
| 336 | |a texto |b txt |2 rdacontenido | ||
| 337 | |a sin mediación |b n |2 rdamedio | ||
| 338 | |a volumen |b nc |2 rdasoporte | ||
| 440 | 1 | |a (Breviarios ; |v 92) | |
| 500 | |a Traducción de: Man Makes Himself | ||
| 520 | |a Obra que contiene una síntesis general de la historia antigua de la humanidad, donde el autor aborda tanto la perspectiva del devenir biológico como el desarrollo cultural, destacando más este segundo aspecto, en el que identifica los grandes cambios gestados en dicho desarrollo. | ||
| 649 | |a XX | ||
| 650 | |a Evolución Social | ||
| 650 | |a Prehistoria | ||
| 650 | |a Civilización - |x Historia | ||
| 650 | |a Historia Antigua - |x Tema Principal | ||
| 650 | |a Historia Universal | ||
| 700 | |a Gortari, Eli de |e (traducción) | ||
| 910 | |a Fondo General | ||
| 920 | |a Impresos - Libros | ||
| 930 | |a Colección General | ||
| 905 | |a 101 | ||
| 901 | |a 0005930100 |b IT1 |c ACC |i 000593 |u 20250521 | ||
| 901 | |a 0005930200 |b IT1 |c ACC |i 900547 |u 20250521 | ||
| 902 | |a https://opac.biblio.iteso.mx/vufind/Record/000000593 | ||